| 000 | 00510nam a2200169Ia 4500 | ||
|---|---|---|---|
| 008 | 220530s9999 xx 000 0 und d | ||
| 020 | _a978-81-219-4185-3 | ||
| 041 | _aeng | ||
| 082 |
_a540 _bDAR |
||
| 100 |
_aDara, S.S. _957043 |
||
| 245 |
_aMaterial Chemistry _bfor B.E. Second Semester Students of RTM Nagpur University,Nagpur as per New Syllabus |
||
| 250 | _a1st | ||
| 260 |
_aNew Delhi _bS. Chand & Company Pvt.Ltd. _c2013 |
||
| 300 |
_a250P _bPB |
||
| 700 |
_a Umare,S.S. _957044 |
||
| 906 |
_a33 _bALIED |
||
| 999 |
_c51645 _d51645 |
||